| 000 | 00630nam a22002057a 4500 | ||
|---|---|---|---|
| 005 | 20140421115518.0 | ||
| 010 | _aENG-109191 | ||
| 020 |
_c400.00 _a9789382459019 |
||
| 035 | _aEN-92724 | ||
| 037 | _bDBAD/PUB | ||
| 082 | _a596.01 | ||
| 245 |
_aA text book of chordates / _cby A. Thangamani...[et al] |
||
| 250 | _a6th ed | ||
| 260 |
_bSaras Publication _c2013 _aNagercoil |
||
| 270 |
_bNagercoil _e629002 _a114/35G, A. R. P. Camp Road, Periavilai, Kottar P. O., |
||
| 300 |
_axvi,917p. : _c25cm(pbk) _bill. |
||
| 500 | _aIncludes index | ||
| 700 | _aThangamani, A. | ||
| 942 |
_2ddc _cEN _mTEX _h596.01 |
||
| 999 |
_c82212 _d82212 |
||